[Event "25th Czech Open A 2014"]
[Site "Pardubice CZE"]
[Date "2014.07.18"]
[Round "1.48"]
[White "Nagy, Gabor1"]
[Black "Lomakin, Viktor"]
[Result "1-0"]
[WhiteTitle "IM"]
[WhiteElo "2434"]
[BlackElo "2216"]
[WhiteFideId "737119"]
[BlackFideId "14101920"]
[EventDate "2014.07.18"]

1. Nf3 c5 2. c4 Nf6 3. Nc3 e6 4. g3 b6 5. Bg2 Bb7 6. O-O Be7 7. Re1 a6 8. e4 d6
9. d4 cxd4 10. Nxd4 Qc7 11. g4 O-O 12. Be3 Re8 13. Rc1 Bf8 14. g5 Nfd7 15. b3
Nc6 16. Nde2 Rac8 17. Ng3 Qb8 18. h4 Ba8 19. Qe2 g6 20. Red1 Na5 21. Nf1 Rc7 22.
Nh2 Rec8 23. Ng4 Be7 24. Nh6+ Kg7 25. f4 f6 26. Bh3 Nf8 27. gxf6+ Bxf6 28. Ng4
Be7 29. Bd4+ Kf7 30. f5 e5 31. Be3 Nd7 32. Rf1 Kg7 33. f6+ 1-0

[Event "25th Czech Open A 2014"]
[Site "Pardubice CZE"]
[Date "2014.07.18"]
[Round "1.49"]
[White "Semenova, Elena1"]
[Black "Plischki, Sebastian"]
[Result "0-1"]
[WhiteTitle "WIM"]
[BlackTitle "IM"]
[WhiteElo "2215"]
[BlackElo "2433"]
[WhiteFideId "24125148"]
[BlackFideId "4637143"]
[EventDate "2014.07.18"]

1. e4 c5 2. Nf3 e6 3. d4 cxd4 4. Nxd4 a6 5. Bd3 Nf6 6. O-O Qc7 7. Qe2 d6 8. c4
g6 9. Nc3 Bg7 10. Be3 Nbd7 11. Rac1 O-O 12. Rfd1 b6 13. f3 Bb7 14. Qf2 Rac8 15.
Bf1 Qb8 16. Nb3 Ba8 17. Qd2 Ne8 18. Bg5 f6 19. Be3 Rf7 20. Nd4 Nf8 21. Qf2 f5
22. exf5 gxf5 23. Nde2 Nf6 24. Nf4 Bc6 25. Rc2 N6d7 26. Nh5 Be5 27. Bf4 Ng6 28.
Bxe5 dxe5 29. Rcd2 a5 30. Rxd7 Bxd7 31. Rxd7 Rd8 32. Rd3 Rxd3 33. Bxd3 Qd8 34.
Bc2 Qg5 35. Qxb6 Qxh5 36. Qxe6 Qg5 37. Qb6 Qd2 38. Qf2 Qc1+ 39. Bd1 Rd7 40. Qc2
Qe3+ 41. Qf2 Qxc3 0-1

[Event "25th Czech Open A 2014"]
[Site "Pardubice CZE"]
[Date "2014.07.18"]
[Round "1.50"]
[White "Rojicek, Vojtech"]
[Black "Miskulin, Dennis"]
[Result "1-0"]
[WhiteTitle "IM"]
[WhiteElo "2433"]
[BlackElo "2213"]
[WhiteFideId "319902"]
[BlackFideId "1705520"]
[EventDate "2014.07.18"]

1. e4 e5 2. Nf3 Nc6 3. Nc3 Nf6 4. g3 d5 5. exd5 Nxd5 6. Bg2 Nxc3 7. bxc3 Bd6 8.
O-O O-O 9. d3 h6 10. Nd2 Be6 11. Ne4 Be7 12. Be3 Rb8 13. c4 b6 14. Nc3 Qd7 15.
Nd5 Bd8 16. f4 Bh3 17. Bxh3 Qxh3 18. f5 Ne7 19. Qf3 Nxd5 20. Qxd5 Bf6 21. Rae1
Rfe8 22. Qe4 h5 23. Re2 Rbd8 24. Bf2 Be7 25. Qf3 Bf6 26. Re4 Re7 27. Be3 Rde8
28. Qe2 Rd8 29. Rf3 1-0

[Event "25th Czech Open A 2014"]
[Site "Pardubice CZE"]
[Date "2014.07.18"]
[Round "1.51"]
[White "Gantar, Jan"]
[Black "Biolek, Richard Jr."]
[Result "0-1"]
[BlackTitle "IM"]
[WhiteElo "2212"]
[BlackElo "2429"]
[WhiteFideId "14607875"]
[BlackFideId "319996"]
[EventDate "2014.07.18"]

1. e4 Nc6 2. Nf3 e5 3. Bc4 Nf6 4. d3 Be7 5. Bb3 O-O 6. O-O d6 7. c3 h6 8. Nbd2
Nh7 9. Nc4 Ng5 10. Nxg5 Bxg5 11. f4 exf4 12. Bxf4 Bxf4 13. Rxf4 Qg5 14. Qf3 b5
15. h4 Qg6 16. Ne3 Ne5 17. Qf1 Qg3 18. Nd5 Ng4 19. Qf3 Qh2+ 20. Kf1 Qh1+ 21. Ke2
Qxa1 22. Rxf7 Qxb2+ 23. Ke1 Qc1+ 24. Ke2 Rxf7 25. Ne7+ Kh7 26. Qxf7 Qe3+ 27. Kd1
Nf2+ 28. Kc2 Qe2+ 29. Kb1 Qe1+ 30. Kb2 Nxd3+ 0-1

[Event "25th Czech Open A 2014"]
[Site "Pardubice CZE"]
[Date "2014.07.18"]
[Round "1.52"]
[White "Roeder, Matthias"]
[Black "Amerkeshev, Madiyar"]
[Result "1-0"]
[WhiteTitle "IM"]
[WhiteElo "2423"]
[BlackElo "2211"]
[WhiteFideId "4600223"]
[BlackFideId "13704222"]
[EventDate "2014.07.18"]

1. Nf3 b6 2. g3 Bb7 3. Bg2 c5 4. c4 Nf6 5. O-O e6 6. Nc3 Be7 7. d4 cxd4 8. Qxd4
Nc6 9. Qf4 Rc8 10. b3 a6 11. Bb2 O-O 12. Rfd1 Qc7 13. Qxc7 Rxc7 14. Rac1 Rb8 15.
Nd5 exd5 16. cxd5 Rcc8 17. dxc6 Bxc6 18. Nd4 Bxg2 19. Nf5 Rxc1 20. Rxc1 Bh3 21.
Nxe7+ Kf8 22. Ba3 Ke8 23. Bd6 Ra8 24. Nc8 b5 25. Nb6 Rd8 26. f3 Be6 27. e4 g5
28. g4 h5 29. h3 hxg4 30. hxg4 Ng8 31. Kf2 f6 32. Bc7 Ke7 33. Bxd8+ Kxd8 34.
Rc8+ Ke7 35. Ra8 Kd6 36. Rxa6 Kc5 37. Nc8 Nh6 38. Nd6 Kb4 39. Ne8 Ng8 40. Nc7 1-0

[Event "25th Czech Open A 2014"]
[Site "Pardubice CZE"]
[Date "2014.07.18"]
[Round "1.53"]
[White "Marek, Matyas"]
[Black "D'Costa, Lorin A R"]
[Result "0-1"]
[BlackTitle "IM"]
[WhiteElo "2211"]
[BlackElo "2421"]
[WhiteFideId "335398"]
[BlackFideId "409219"]
[EventDate "2014.07.18"]

1. e4 c6 2. Nc3 d5 3. Nf3 Bg4 4. h3 Bxf3 5. Qxf3 e6 6. d3 Nd7 7. g4 Bd6 8. Bd2
Ne7 9. O-O-O Qc7 10. d4 b5 11. exd5 exd5 12. Bd3 Nb6 13. Kb1 Nc4 14. Bc1 a5 15.
Ne2 a4 16. Ng3 O-O 17. Nh5 f6 18. Rde1 Qa7 19. Re6 Rad8 20. Rhe1 Rf7 21. Nxf6+
gxf6 22. Rxf6 Nc8 23. g5 Rdf8 24. Qg4 Kh8 25. Rh6 Rg7 26. g6 a3 27. Rxh7+ Rxh7
28. gxh7 axb2 29. Bh6 N8b6 30. Rg1 Qxa2+ 31. Kxa2 Ra8+ 0-1

[Event "25th Czech Open A 2014"]
[Site "Pardubice CZE"]
[Date "2014.07.18"]
[Round "1.54"]
[White "Berchtenbreiter, Maximilian"]
[Black "Gallien, Fabian"]
[Result "1-0"]
[WhiteTitle "IM"]
[BlackTitle "CM"]
[WhiteElo "2419"]
[BlackElo "2210"]
[WhiteFideId "24641120"]
[BlackFideId "4673476"]
[EventDate "2014.07.18"]

1. e4 e6 2. d4 d5 3. Nc3 Nf6 4. e5 Nfd7 5. Nce2 c5 6. c3 Nc6 7. f4 Be7 8. a3 a5
9. a4 Nb6 10. Nf3 Bd7 11. dxc5 Bxc5 12. Ned4 Nxd4 13. cxd4 Bb4+ 14. Bd2 Qe7 15.
Qb3 Rc8 16. Bd3 Nc4 17. Ke2 f6 18. Bxb4 axb4 19. Rac1 b5 20. axb5 Bxb5 21. exf6
gxf6 22. Kf2 O-O 23. Bxc4 dxc4 24. Qe3 Qd6 25. Rhe1 Rfe8 26. g4 Qd5 27. Rg1 Bc6
28. Rg3 Ra8 29. f5 Ra2 30. g5 Rxb2+ 31. Kg1 Qxf5 32. gxf6+ Kh8 33. Qh6 Rg8 34.
Rxg8+ 1-0

[Event "25th Czech Open A 2014"]
[Site "Pardubice CZE"]
[Date "2014.07.18"]
[Round "1.55"]
[White "Seidl, Stepan"]
[Black "Nakar, Eylon"]
[Result "0-1"]
[BlackTitle "IM"]
[WhiteElo "2209"]
[BlackElo "2419"]
[WhiteFideId "338290"]
[BlackFideId "2811111"]
[EventDate "2014.07.18"]

1. e4 e6 2. d4 d5 3. Nc3 Bb4 4. e5 Ne7 5. a3 Bxc3+ 6. bxc3 c5 7. Qg4 cxd4 8.
Qxg7 Rg8 9. Qxh7 Qc7 10. Ne2 Nbc6 11. f4 dxc3 12. Rg1 Qb6 13. g4 Bd7 14. Rg3 d4
15. Bg2 O-O-O 16. a4 Rh8 17. Qe4 Rxh2 18. a5 Nxa5 19. Qxd4 Qxd4 20. Nxd4 Bc6 21.
Nxc6 Naxc6 22. Be3 Nd5 23. Bg1 Rh4 24. Bxd5 Rxd5 25. Ra3 b5 26. Raxc3 Kb7 27.
Rb3 b4 28. c3 a5 29. cxb4 axb4 30. Be3 Ka6 31. g5 Kb5 32. g6 Rh1+ 33. Kf2 fxg6
34. Rxg6 Na5 35. Kg2 Ra1 36. Rb2 Nc4 37. Re2 b3 38. Rg8 Ra2 39. Rb8+ Kc6 40. Kf3
Rxe2 41. Rc8+ Kd7 42. Rxc4 b2 43. Rb4 Rc2 44. Bd4 b1=Q 45. Rxb1 Rxd4 46. Rb7+
Rc7 0-1

[Event "25th Czech Open A 2014"]
[Site "Pardubice CZE"]
[Date "2014.07.18"]
[Round "1.56"]
[White "Sundararajan, Kidambi"]
[Black "Marusenko, Petr"]
[Result "1/2-1/2"]
[WhiteTitle "GM"]
[BlackTitle "IM"]
[WhiteElo "2414"]
[BlackElo "2207"]
[WhiteFideId "5005370"]
[BlackFideId "14100606"]
[EventDate "2014.07.18"]

1. g3 f5 2. Bg2 Nf6 3. Nf3 g6 4. b3 Bg7 5. Bb2 O-O 6. O-O d6 7. d4 Ne4 8. Qc1
Nc6 9. d5 Bxb2 10. Qxb2 Nb4 11. c4 a5 12. Nbd2 Nf6 13. Nd4 Na6 14. a3 Nc5 15. b4
Nce4 16. N2b3 axb4 17. axb4 Rb8 18. f3 Ng5 19. Qd2 Nf7 20. f4 Bd7 21. Kh1 Qc8
22. b5 e5 23. dxe6 Bxe6 24. Qc3 Ne4 25. Bxe4 fxe4 26. Nd2 Bf5 27. g4 Bxg4 28.
Nxe4 Nh6 29. Ng5 Nf7 30. Nxf7 Rxf7 31. e4 c5 32. bxc6 bxc6 33. f5 gxf5 34. Nxf5
Qe6 35. Rae1 Bxf5 36. exf5 Qf6 37. Qf3 Rc8 38. Re2 Kh8 39. Rg2 Rg7 40. Rxg7 Kxg7
41. Rd1 Kh8 42. Qf4 Qe5 43. Qxe5+ dxe5 44. Rd6 Kg7 45. Re6 e4 46. Kg2 Rf8 47.
Rxc6 Rxf5 48. Re6 Rg5+ 49. Kh3 Rg1 50. Rxe4 Kf6 51. Rg4 Rc1 52. Kh4 Rc2 53. h3
Rc3 54. Rd4 Ke5 55. Rg4 Kf6 56. Rd4 Ke5 57. Rd5+ Ke6 58. Rc5 Kd6 59. Rc8 Kd7 60.
Rh8 Rxc4+ 61. Kg5 Ke7 62. Rxh7+ Kf8 63. h4 1/2-1/2

[Event "25th Czech Open A 2014"]
[Site "Pardubice CZE"]
[Date "2014.07.18"]
[Round "1.57"]
[White "Titan, Matej"]
[Black "Kanmazalp, Ogulcan"]
[Result "0-1"]
[BlackTitle "IM"]
[WhiteElo "2202"]
[BlackElo "2412"]
[WhiteFideId "14608146"]
[BlackFideId "6304990"]
[EventDate "2014.07.18"]

1. c4 c5 2. Nf3 Nc6 3. Nc3 g6 4. g3 Bg7 5. Bg2 e6 6. O-O Nge7 7. d4 Nxd4 8. Nxd4
cxd4 9. Nb5 Nf5 10. e4 dxe3 11. Bxe3 d6 12. c5 d5 13. Bf4 O-O 14. Nc7 g5 15.
Nxa8 gxf4 16. Qa4 Bd7 17. Qxa7 Qxa8 18. Qb6 Nd4 19. Rfd1 Bc6 20. Bf1 fxg3 21.
hxg3 Nf3+ 22. Kg2 d4 23. Bb5 Bd5 24. a4 e5 25. Rac1 Qc8 0-1

[Event "25th Czech Open A 2014"]
[Site "Pardubice CZE"]
[Date "2014.07.18"]
[Round "1.58"]
[White "Shalimov, Valery"]
[Black "Travkina, Anastasia"]
[Result "1-0"]
[WhiteTitle "IM"]
[BlackTitle "WFM"]
[WhiteElo "2412"]
[BlackElo "2200"]
[WhiteFideId "14104881"]
[BlackFideId "24129151"]
[EventDate "2014.07.18"]

1. d4 Nf6 2. Nf3 d5 3. Bf4 c6 4. e3 Bf5 5. c4 e6 6. Qb3 Qc8 7. Nc3 Be7 8. Rc1
O-O 9. h3 Nbd7 10. Be2 Ne4 11. O-O Nxc3 12. bxc3 a5 13. a4 Bd8 14. Bd6 Re8 15.
cxd5 exd5 16. c4 Nb6 17. cxd5 Nxd5 18. Bc4 Be4 19. Nd2 Qd7 20. Nxe4 Rxe4 21.
Bxd5 cxd5 22. Be5 f6 23. Bg3 b6 24. Rfe1 Qf7 25. Rc6 Ra7 26. Rc8 Re8 27. Rec1
Rd7 28. Qb5 g6 29. Qc6 Kg7 30. Qa8 Ra7 31. Qc6 Qd7 32. Rb8 Re7 33. Kf1 Bc7 34.
Qxd7 Rxd7 35. Bxc7 Raxc7 36. Rxc7 Rxc7 37. Rxb6 Rc4 38. Rb7+ Kh6 39. Rb5 Rxa4
40. Rxd5 Ra2 41. g4 a4 42. Rd6 Kg5 43. Kg2 h5 44. Rd5+ Kh6 45. gxh5 gxh5 46. Ra5
a3 47. h4 Ra1 48. Kf3 Kg6 49. Ke4 Rh1 50. Rxa3 Rxh4+ 51. f4 Rh1 52. Ra8 h4 53.
Rg8+ Kf7 54. Rg4 h3 55. f5 h2 56. Rh4 Ke7 57. Kd5 Re1 58. Rxh2 Rxe3 59. Rh7+ Ke8
60. Ra7 Re1 61. Kd6 Re4 62. d5 Re5 63. Kc6 Re1 64. d6 Rc1+ 65. Kd5 Re1 66. Re7+
Rxe7 67. dxe7 Kf7 68. e8=Q+ Kxe8 69. Ke6 Kf8 70. Kxf6 Kg8 71. Ke7 1-0

[Event "25th Czech Open A 2014"]
[Site "Pardubice CZE"]
[Date "2014.07.18"]
[Round "1.59"]
[White "Folk, Petr"]
[Black "Westerberg, Jonathan"]
[Result "0-1"]
[BlackTitle "FM"]
[WhiteElo "2200"]
[BlackElo "2412"]
[WhiteFideId "302996"]
[BlackFideId "1701754"]
[EventDate "2014.07.18"]

1. e4 c5 2. Nf3 Nc6 3. d4 cxd4 4. Nxd4 Nf6 5. Nc3 e6 6. Ndb5 Bb4 7. a3 Bxc3+ 8.
Nxc3 d5 9. exd5 exd5 10. Bd3 O-O 11. O-O d4 12. Ne2 Bg4 13. f3 Bh5 14. Nf4 Bg6
15. Nxg6 hxg6 16. Re1 Qd6 17. Bd2 Rfe8 18. Rxe8+ Rxe8 19. Qf1 Ne5 20. Re1 Qb6
21. Bc1 Re6 22. Re2 Nd5 23. Qf2 Nxd3 24. Rxe6 Qxe6 25. cxd3 Qc6 26. Qe1 Nc7 27.
Kf2 Ne6 28. Qd1 a5 29. Bd2 Qb5 30. Qc2 Nc5 31. Ke2 a4 32. Bb4 Qe8+ 33. Kf1 Nb3
34. Qc7 b5 35. Qb7 Kh7 36. Qe4 Qc8 37. Kf2 f6 38. h4 f5 39. Qe5 Qd7 40. Ke2 Nc1+
41. Kd2 Nb3+ 42. Ke2 Qc8 43. Kf2 Nc1 44. Kg3 Qd7 45. Bc5 Nxd3 46. Qxd4 Qc7+ 47.
Bd6 Qc4 48. Be5 Qc2 49. Bxg7 f4+ 50. Kh3 Qf2 51. Kh2 Qxh4+ 52. Kg1 Qe1+ 53. Kh2
Qg3+ 54. Kg1 Ne1 55. Kf1 Nc2 56. Qe5 Ne3+ 57. Ke2 Qxg2+ 0-1

[Event "25th Czech Open A 2014"]
[Site "Pardubice CZE"]
[Date "2014.07.18"]
[Round "1.60"]
[White "Yagupov, Igor"]
[Black "Karasek, Lukas"]
[Result "1-0"]
[WhiteTitle "GM"]
[WhiteElo "2410"]
[BlackElo "2199"]
[WhiteFideId "4113632"]
[BlackFideId "325031"]
[EventDate "2014.07.18"]

1. e4 c5 2. Nf3 d6 3. d4 cxd4 4. Nxd4 Nf6 5. Nc3 a6 6. f3 e6 7. Be3 b5 8. Qd2
Nbd7 9. O-O-O Bb7 10. g4 Nb6 11. Qf2 Nfd7 12. Bd3 Rc8 13. Nce2 Nc5 14. Kb1 Qc7
15. Ng3 Be7 16. h4 Nba4 17. Bg5 Nxd3 18. cxd3 Bxg5 19. hxg5 Qc5 20. f4 e5 21.
fxe5 dxe5 22. Ngf5 exd4 23. Nxg7+ Kd8 24. Rc1 Qd6 25. Qxf7 Rxc1+ 26. Rxc1 Bc8
27. Nf5 Bxf5 28. gxf5 Re8 29. Qxh7 Re7 30. Qh8+ Re8 31. Qg7 Re5 32. f6 Rc5 33.
Rh1 Re5 34. Rh8+ 1-0

[Event "25th Czech Open A 2014"]
[Site "Pardubice CZE"]
[Date "2014.07.18"]
[Round "1.61"]
[White "Mueer, Sebastian"]
[Black "Vyskocil, Neklan"]
[Result "0-1"]
[BlackTitle "IM"]
[WhiteElo "2198"]
[BlackElo "2407"]
[WhiteFideId "24622001"]
[BlackFideId "307106"]
[EventDate "2014.07.18"]

1. c4 Nf6 2. g3 e5 3. Bg2 c6 4. d4 exd4 5. Qxd4 d5 6. Nf3 Be7 7. cxd5 cxd5 8.
O-O O-O 9. Nc3 Nc6 10. Qa4 Qb6 11. Qb5 d4 12. Qxb6 axb6 13. Nb5 Bc5 14. Rd1 Rd8
15. Bg5 Be6 16. b3 Rd7 17. Nd2 Nd5 18. Nc4 f6 19. Bd2 Na7 20. a4 Nxb5 21. axb5
Rxa1 22. Rxa1 Nc3 23. Ra7 Nxe2+ 24. Kf1 Nc3 25. Rxb7 Rxb7 26. Bxb7 Nxb5 27. Ke2
Nd6 28. Nxd6 Bxd6 29. b4 Bc4+ 30. Kf3 f5 31. h3 Kf7 32. g4 g6 33. Bc6 Ke6 34.
gxf5+ gxf5 35. b5 Bd5+ 36. Ke2 Bc4+ 37. Kf3 Bc5 38. Kf4 Kf6 39. Kf3 Bd6 40. h4
Bb3 41. Ke2 Bc2 42. Bg5+ Ke6 43. Kd2 Be4 44. Bd8 Bb4+ 45. Ke2 d3+ 46. Kd1 Bc5
47. f3 Bxc6 48. bxc6 Be3 0-1

[Event "25th Czech Open A 2014"]
[Site "Pardubice CZE"]
[Date "2014.07.18"]
[Round "1.62"]
[White "Farid, Firman Syah"]
[Black "Wittmann, Walter"]
[Result "0-1"]
[WhiteTitle "IM"]
[BlackTitle "IM"]
[WhiteElo "2401"]
[BlackElo "2196"]
[WhiteFideId "7102526"]
[BlackFideId "1600060"]
[EventDate "2014.07.18"]

1. d4 d5 2. Nf3 Nf6 3. c4 e6 4. Nc3 dxc4 5. e3 a6 6. Bxc4 b5 7. Bb3 Bb7 8. Qe2
Nbd7 9. O-O c5 10. Rd1 Qc7 11. a3 Be7 12. Bc2 O-O 13. e4 cxd4 14. Nxd4 Rfd8 15.
Bg5 Nf8 16. Rac1 Ng6 17. Bb3 Qe5 18. Nf3 Rxd1+ 19. Rxd1 Qc7 20. e5 Ne8 21. Bxe7
Qxe7 22. Bc2 Rd8 23. Be4 Nf4 24. Qc2 Rxd1+ 25. Qxd1 Bxe4 26. Nxe4 Qc7 27. g3 Nd5
28. Qd4 h6 29. h4 Qc2 30. Nfd2 Qd1+ 31. Kg2 Qe2 32. Nd6 Nec7 33. N2e4 a5 34. Qa7
Qxb2 35. Qb8+ Kh7 36. Nxf7 Ne3+ 37. Kf3 Qb3 38. h5 Qd1+ 0-1

[Event "25th Czech Open A 2014"]
[Site "Pardubice CZE"]
[Date "2014.07.18"]
[Round "1.63"]
[White "Vokoun, Jan"]
[Black "Musat, Adrian"]
[Result "0-1"]
[WhiteTitle "FM"]
[BlackTitle "FM"]
[WhiteElo "2195"]
[BlackElo "2401"]
[WhiteFideId "301647"]
[BlackFideId "1203452"]
[EventDate "2014.07.18"]

1. e4 c5 2. c3 Nf6 3. e5 Nd5 4. d4 cxd4 5. cxd4 Nc6 6. Nf3 d6 7. Bc4 Nb6 8. Bb3
dxe5 9. dxe5 Qxd1+ 10. Kxd1 Bg4 11. Bf4 e6 12. Nd2 Rd8 13. Ke2 Bb4 14. Rhd1 Nd4+
15. Ke3 Bc5 16. Bg5 Nxf3+ 17. Kf4 Rd4+ 18. Ne4 Rxe4+ 19. Kxe4 Nxg5+ 20. Kf4 Bxd1 0-1

[Event "25th Czech Open A 2014"]
[Site "Pardubice CZE"]
[Date "2014.07.18"]
[Round "1.64"]
[White "Potapov, Alexander1"]
[Black "Cremer, Jan Paul"]
[Result "1-0"]
[WhiteTitle "GM"]
[WhiteElo "2399"]
[BlackElo "2194"]
[WhiteFideId "4115074"]
[BlackFideId "24686115"]
[EventDate "2014.07.18"]

1. d4 Nf6 2. c4 g6 3. Nc3 Bg7 4. e4 d6 5. h3 O-O 6. Bg5 h6 7. Be3 c5 8. d5 b5 9.
cxb5 a6 10. a4 Qa5 11. Bd2 axb5 12. Nxb5 Qb6 13. Qb1 Bb7 14. Bc4 Na6 15. Nf3 Kh7
16. O-O e6 17. Bf4 exd5 18. exd5 Ne8 19. Rd1 Nb4 20. Bd2 Nxd5 21. Bxh6 Bxh6 22.
Bxd5 Rd8 23. Nc3 Nf6 24. a5 Qa6 25. Ra4 Nxd5 26. Nxd5 Bxd5 27. Rxd5 Qc6 28. Qd1
Rfe8 29. Rh4 Kg7 30. Qd3 Re6 31. g4 f6 32. g5 Bxg5 33. Rg4 Qe8 34. h4 Bh6 35.
Kg2 Qf7 36. a6 Rd7 37. b4 cxb4 38. h5 g5 39. Nd4 Re5 40. Nf5+ Kh8 41. Rxe5 dxe5
42. Nxh6 Qe6 43. Qc4 1-0

[Event "25th Czech Open A 2014"]
[Site "Pardubice CZE"]
[Date "2014.07.18"]
[Round "1.65"]
[White "Folkova, Martina"]
[Black "Saiyn, Zhanat"]
[Result "0-1"]
[WhiteTitle "WFM"]
[BlackTitle "FM"]
[WhiteElo "2188"]
[BlackElo "2399"]
[WhiteFideId "304271"]
[BlackFideId "13703820"]
[EventDate "2014.07.18"]

1. e4 d6 2. d4 Nf6 3. Nc3 Nbd7 4. f4 e5 5. Nf3 exd4 6. Qxd4 c6 7. Bc4 d5 8. exd5
Bc5 9. Qd3 O-O 10. dxc6 bxc6 11. Ne2 Qe7 12. Bd2 Ne4 13. Nfd4 Nb6 14. Nxc6 Qe8
15. Ne5 Nf2 16. Qc3 Nxh1 17. Bd3 Na4 18. Qc4 Be6 19. Qe4 f5 20. Qb7 Rb8 21. Qa6
Nxb2 22. Bc3 Qc8 23. Qa5 Bb6 24. Qa3 Qc5 25. Bxb2 Qf2+ 26. Kd1 Bc5 27. Qa6 Rb6 0-1

[Event "25th Czech Open A 2014"]
[Site "Pardubice CZE"]
[Date "2014.07.18"]
[Round "1.66"]
[White "Kriebel, Tadeas"]
[Black "Moravec, Vit"]
[Result "1-0"]
[WhiteTitle "IM"]
[WhiteElo "2398"]
[BlackElo "2188"]
[WhiteFideId "330027"]
[BlackFideId "331481"]
[EventDate "2014.07.18"]

1. e4 c5 2. Nf3 d6 3. d4 cxd4 4. Nxd4 Nf6 5. Nc3 g6 6. Be3 Bg7 7. f3 O-O 8. Bc4
Nc6 9. Bb3 Bd7 10. h4 Ne5 11. Qe2 Rc8 12. O-O-O Rxc3 13. bxc3 Qa5 14. c4 Rc8 15.
Kb1 Qa6 16. c5 dxc5 17. Qxa6 bxa6 18. Bf4 Nh5 19. Bxe5 Bxe5 20. Ne2 Bb5 21. c4
Bc6 22. Rd3 Nf4 23. Nxf4 Bxf4 24. Rhd1 Bc7 25. Kc2 Kg7 26. Kd2 h5 27. Ke3 Bg3
28. Bc2 Bxh4 29. Ra3 Bf6 30. Rxa6 Bd4+ 31. Ke2 Rc7 32. Ba4 Bxa4 33. Rxa4 Kf6 34.
Rb1 Ke5 35. g3 f5 36. exf5 Kxf5 37. Ra6 e5 38. Rb8 Rh7 39. Rf8+ Kg5 40. Rg8 Rh6
41. Rxa7 h4 42. gxh4+ Rxh4 43. Ra6 Rh2+ 44. Kd3 Kf4 45. Rf6+ Kg3 46. Rgxg6+ Kf2
47. Rh6 Rg2 48. Rfg6 Rxg6 49. Rxg6 Kxf3 50. Rf6+ 1-0

[Event "25th Czech Open A 2014"]
[Site "Pardubice CZE"]
[Date "2014.07.18"]
[Round "1.67"]
[White "Heimrath, Reiner"]
[Black "Feher, Adam"]
[Result "0-1"]
[WhiteTitle "FM"]
[WhiteElo "2187"]
[BlackElo "2398"]
[WhiteFideId "4618866"]
[BlackFideId "739081"]
[EventDate "2014.07.18"]

1. e4 e5 2. Nf3 Nc6 3. d4 exd4 4. Nxd4 Nf6 5. Nxc6 bxc6 6. Bd3 d6 7. O-O Be7 8.
h3 Nd7 9. c3 O-O 10. Re1 Rb8 11. Nd2 Bf6 12. Nb3 Ne5 13. Bf1 c5 14. Na5 Bd7 15.
f4 Nc6 16. Nc4 Re8 17. g3 Be6 18. Ne3 g6 19. Bg2 Bg7 20. Rf1 Bd7 21. Rf2 Qc8 22.
Kh2 Ne7 23. f5 gxf5 24. Qh5 fxe4 25. Rxf7 Ng6 26. Rxg7+ Kxg7 27. c4 Re5 28. Qe2
c6 29. b3 Kg8 30. Bb2 Re7 31. Rd1 Qc7 32. Qh5 Rf8 33. Qg5 Kf7 34. Kg1 Ke8 35.
Bc3 a5 36. a3 Rff7 37. h4 Nf8 38. h5 Ne6 39. Qh4 Nd4 40. Kh1 Nf3 41. Bxf3 exf3
42. Qg5 Qb6 43. Rxd6 Qxb3 44. Be5 f2 45. Rd1 Qxd1+ 0-1

[Event "25th Czech Open A 2014"]
[Site "Pardubice CZE"]
[Date "2014.07.18"]
[Round "1.68"]
[White "Grekh, Andrey"]
[Black "Makka, Ioulia"]
[Result "1-0"]
[WhiteTitle "IM"]
[BlackTitle "WIM"]
[WhiteElo "2396"]
[BlackElo "2185"]
[WhiteFideId "14112418"]
[BlackFideId "4205316"]
[EventDate "2014.07.18"]

1. e4 c6 2. d4 d5 3. e5 Bf5 4. Nf3 e6 5. Be2 Nd7 6. O-O Bg6 7. Nbd2 Nh6 8. Nb3
Nf5 9. Bg5 Be7 10. Bxe7 Qxe7 11. a4 O-O 12. g4 Nh4 13. Nxh4 Qxh4 14. f4 Rac8 15.
Ra3 f6 16. f5 Bf7 17. Na5 fxe5 18. Nxb7 Qe7 19. dxe5 Nxe5 20. Qd4 Qxb7 21. fxe6
Bxe6 22. Qxe5 Rxf1+ 23. Kxf1 Re8 24. Re3 Bf7 25. Qd4 Rxe3 26. Qxe3 Qxb2 27. Qxa7
Qf6+ 28. Kg1 Bg6 29. a5 Qa1+ 30. Kf2 Qf6+ 31. Kg1 Qa1+ 32. Kg2 Qc3 33. Qa8+ Kf7
34. Qb7+ Kg8 35. Qc8+ Kf7 36. Qd7+ Kg8 37. Qe6+ Kf8 38. Qd6+ Kg8 39. Qd8+ Kf7
40. Qd7+ Kg8 41. Qc8+ Kf7 42. Qc7+ Kg8 43. Qb8+ Kf7 44. Qf4+ Kg8 45. a6 Be4+ 46.
Kf2 Qd4+ 47. Qe3 Qf6+ 48. Bf3 h6 49. a7 Qa1 50. Bxe4 dxe4 51. Qb6 Kh7 52. Ke2
Qa3 53. Kd2 Qd6+ 54. Ke1 Qa3 55. Qd4 Qc1+ 56. Ke2 Qxc2+ 57. Ke3 Qc1+ 58. Kxe4
Qe1+ 59. Qe3 Qh1+ 60. Kd3 Qd1+ 61. Kc3 Qa1+ 62. Kd2 Qa2+ 63. Ke1 Qa1+ 64. Kf2
Qf6+ 65. Kg2 Qb2+ 66. Kh3 Qb7 67. Qd3+ g6 68. Qa3 Qa8 69. Qa5 h5 70. Qc7+ Kh6
71. Qb8 1-0

[Event "25th Czech Open A 2014"]
[Site "Pardubice CZE"]
[Date "2014.07.18"]
[Round "1.69"]
[White "Lehmann, Holger"]
[Black "Manik, Mikulas"]
[Result "1/2-1/2"]
[BlackTitle "GM"]
[WhiteElo "2185"]
[BlackElo "2394"]
[WhiteFideId "4620275"]
[BlackFideId "14900734"]
[EventDate "2014.07.18"]

1. d4 Nf6 2. c4 g6 3. Nc3 Bg7 4. e4 d6 5. h3 O-O 6. Bg5 Na6 7. Bd3 e5 8. d5 c6
9. Qd2 Nc5 10. Bc2 cxd5 11. cxd5 a5 12. Nge2 Bd7 13. g4 b5 14. Ng3 b4 15. Nce2
Qb8 16. Kf1 b3 17. axb3 Nxb3 18. Bxb3 Qxb3 19. Kg2 a4 20. Ra3 Qb7 21. Rf3 Ne8
22. Ra3 f6 23. Be3 Nc7 24. Nc3 Rfb8 25. Rha1 Qb4 26. Qd1 Qxb2 27. Nxa4 Qb4 28.
R3a2 Ne8 29. Nc3 Rxa2 30. Nxa2 Qb2 31. Qc1 f5 32. Qxb2 Rxb2 33. gxf5 gxf5 34.
exf5 e4 35. Nc1 Rxf2+ 36. Kxf2 Bxa1 37. Nb3 Be5 38. Nd2 Nf6 39. Ndxe4 Nxe4+ 40.
Nxe4 Bxf5 41. Kf3 Kf7 42. Bf4 1/2-1/2

[Event "25th Czech Open A 2014"]
[Site "Pardubice CZE"]
[Date "2014.07.18"]
[Round "1.70"]
[White "Satyapragyan, Swayangsu"]
[Black "Cherednichenko, Elena"]
[Result "1-0"]
[WhiteTitle "IM"]
[BlackTitle "WFM"]
[WhiteElo "2393"]
[BlackElo "2182"]
[WhiteFideId "5004306"]
[BlackFideId "14105560"]
[EventDate "2014.07.18"]

1. e4 e5 2. Nf3 Nc6 3. Bb5 g6 4. d3 Bg7 5. c4 Nge7 6. Nc3 h6 7. Be3 Nd4 8. Ba4
c6 9. Qd2 Qa5 10. Bd1 d6 11. O-O g5 12. Kh1 Be6 13. b4 Qc7 14. Bxd4 exd4 15. Ne2
c5 16. Ba4+ Kd8 17. Nfg1 Ng6 18. f4 gxf4 19. Nxf4 Nxf4 20. Qxf4 cxb4 21. Qd2 a5
22. Nf3 Qc5 23. Rab1 Ra6 24. a3 Rb6 25. Bb5 bxa3 26. Qxa5 Ke7 27. Qa4 Bf6 28.
Ra1 a2 29. Rxa2 Rxb5 30. cxb5 Bxa2 31. Qxa2 Qxb5 32. Qf2 Rh7 33. Nxd4 Bxd4 34.
Qxd4 h5 35. h3 Rh6 36. Qg7 1-0